000 00432nam a2200145 4500
999 _c2849
_d2849
008 200317b ||||| |||| 00| 0 eng d
082 0 0 _a629.2
_bA124
245 1 0 _aPractical automobile engineering /
_cedited by Staton Abbey
250 _a5th ed.
260 _aCalcutta
_bAsia Publishing House
_c1977
300 _a512 p.
650 0 _aAutomobiles
_xDesign and construction
700 _92455
_aAbbey, Staton
_eeditor
942 _2ddc
_cBK